=LDR 00000nam 2200000 4500 =001 000438 =005 20250710041437 =035 ##$$a 0010-0725000300 =007 ta =008 250710################a##########0#ind## =020 ##$$a 978-623-307-153-6 =082 ##$$a 398.209 598 1 =084 ##$$a 398.209 598 1 IND b =100 #$$a Indriani, Evi =245 1#$$a Besesandingon /$c Evi Indriani =250 ##$$a Cetakan Pertama =260 ##$$a Jakarta Timur :$b Badan Pengembangan dan Pembinaan Bahasa,$c 2022 =300 ##$$a 28 hlm : $b ilus. ; $c 29,7 cm =650 #4$$a Literasi-Bahan Bacaan =600 #4$$a Cerita Anak-Jambi =856 ##$$a TBM AS SUHADA =990 ##$$a TBM01620162